| RUSMARC |
| 000 | | | 06097cmc1a2200000#x 450 | | 001 | | | 2b5b8419-5ce4-4d16-a7a3-85720a295f1f | | 005 | | | 20250729135925.0 | | 100 | ## | $a | 20151211l18071865k l0rusy0189 ca | | 101 | 0# | $a | rus | | 102 | ## | $a | RU | | 200 | 1# | $a | Канцелярия министра народного просвещения | | | $j | 1807-1865 гг. | | 215 | ## | $a | 3431 единица хранения | | 251 | ## | $a | 11 описей | | | $c | Фонд | | 801 | #0 | $a | RU | | | $b | РГИА | | | $c | 20151211 | | 801 | #1 | $a | RU | | | $b | ГлавНИВЦ | | | $c | 20151211 | | | $2 | rusmarc | | 801 | #2 | $a | RU | | | $b | ПБ им. Б.Н. Ельцина | | | $c | 20160203 | | | $2 | rusmarc | | 850 | ## | $a | Федеральное казенное учреждение "Российский государственный исторический архив" | | 852 | ## | $a | РГИА | | | $j | 735 | | 937 | ## | $h | РГИА | | | $d | 9088527 | | | $a | ASBIBLIO_SCAN | | 035 | ## | $a | 2b5b8419-5ce4-4d16-a7a3-85720a295f1f | | 330 | ## | $a | Создана 20 января 1825 г. для ведения секретной и личной переписки министра, исполнения его поручений и переписки по наиболее важным и срочным вопросам, требовавшим распоряжения министра, а также переписки на иностранных языках. 31.05.1835 г. утверждены временные новые штаты и учреждение канцелярии. Канцелярия осуществляла рассмотрение поступающих с мест меморий о текущих делах, подготовка их рассмотрения министром, ведение дел по просьбам о посвящении и поднесении сочинений и переводов императору и членам императорской фамилии, собирание сведений для Адрес Календаря и кавалерских списков, извещение пребывающих в столице кавалеров различных орденов о собраниях орденских дум. Канцелярия вела секретные дела, не требующие по существу особенных соображений Департамента народного просвещения, внутреннюю и заграничную переписку министра на немецком и французском языках, составляла журналы Главного правления училищ (до 18 июня 1863 г.) и журналы заседаний Главного управления цензуры, а также ежегодные общие ведомости о действиях цензуры (с 22 апреля 1828 г. до 10 марта 1862 г.). 21 января 1844 г. дела канцелярии были распределены между 4 отделами. 12 апреля 1860 г. ввиду значительного сокращения делопроизводства в Канцелярии министра народного просвещения с выделением дел, относящихся к цензурному управлению, было определено присоединить к делам Канцелярии из делопроизводства Департамента народного просвещения дела по Академии наук и ученым обществам; об учреждении публичных библиотек и наблюдении за ними; делопроизводство о назначении пенсий и единовременных пособий по всему ведомству Министерства народного просвещения; об определении и увольнении чиновников особых поручений при министре и лиц, причисленных к Министерству народного просвещения, и вообще по всем предметам, относящимся к их службе. На основании этого распоряжения все перечисленные неоконченные дела были переданы из Департамента народного просвещения в канцелярию | | 330 | ## | $a | В фонде представлены: Дела о разрешении разным лицам подносить свои сочинения царю и членам семьи и о рассмотрении этих книг; о рассмотрении цензурой периодических изданий и книг; о научных экспедициях и обществах, связях с заграничными учеными; об осмотре министром учебных заведений, о публичных лекциях; о личном составе. За 1824-1837 гг. (оп. 1); за 1838-1862 гг. (оп. 2-6). Дела о тайных студенческих обществах, о "волнениях" студентов, об аресте их и учреждении над ними надзора; о “неблагонадежных” учителях; о рассмотрении цензурой разных книг и периодических изданий. Материалы Департамента народного просвещения за 1807-1824 гг. по аналогичным вопросам. За 1807-1865 гг. (оп. 10). Дела о выдаче пенсий служащим и членам их семей. За 1860-1862 гг. (оп. 8); за 1861–1864 гг. (оп. 9). Дела о личном составе. За 1856-1862 гг. (оп. 7). Журналы входящих и исходящих бумаг. За 1825-1862 гг. (оп. 11) | | 710 | 01 | $3 | LIBNET\UAF\0000117742 | | | $a | Россия | | | $b | Канцелярия Министра народного просвещения | | 601 | 01 | $2 | prlib_sh | | | $3 | LIBNET\UAF\0000117742 | | | $a | Россия | | | $b | Канцелярия Министра народного просвещения | | | $j | Архивные фонды | | 606 | 1# | $2 | nlr_sh | | | $3 | RU\NLR\AUTH\6601597380 | | | $a | Органы государственного управления | | | $x | Делопроизводство | | | $y | Россия | | | $j | Архивные фонды | | 686 | ## | $a | 63.3(2)52-332ю11 | | | $v | LBC/M | | | $2 | rubbk |
|